Dog Pictures by Breed, Type and Country - Statistics

General Stats
  • This quiz has been taken 36 times
  • The average score is 28 of 48
Answer Stats
Picture Answer % Correct
Corgi
100%
Dalmatian
96%
Germany
96%
Germany
96%
France
93%
German Shepherd
93%
Greyhound
93%
Labrador Retriever
93%
United Kingdom
93%
United Kingdom
93%
United Kingdom
93%
United Kingdom
89%
United Kingdom
89%
French Bulldog
85%
China
81%
China
81%
Japan
81%
Chihuahua
78%
Mexico
74%
Shiba Inu
74%
Dachshund
70%
Saint Bernard
63%
Shih Tzu
59%
Switzerland | Italy
56%
Australia
52%
Herding | Working
48%
Hunting | Herding
44%
Hunting | Working
44%
Russia
41%
Herding
37%
Herding
37%
Herding
37%
Herding
37%
Terrier
37%
Working
37%
Hunting
33%
Hunting
33%
Shar Pei
30%
West Highland White Terrier
30%
Hound
26%
Hound
26%
Toy
26%
Toy
26%
Toy
26%
Croatia
22%
Samoyed
22%
Shetland Sheepdog
19%
Kelpie
7%
No matching quizzes found
Score Distribution
Percent of People with Each Score
Percentile by Number Answered
Your Score History
You have not taken this quiz